| 000 | 00546nam a22001817a 4500 | ||
|---|---|---|---|
| 999 |
_c5890 _d5890 |
||
| 003 | AR-CdUCM | ||
| 008 | 190313b ||||| |||| 00| 0 spa d | ||
| 040 |
_aMUNICIPALIDAD PROVINCIAL DEL CUSCO _cBIBLIOTECA MUNICIPAL DEL CUSCO |
||
| 082 |
_a869.15 / _bA77 |
||
| 100 |
_aArrieta, Rafael Alberto _914262 |
||
| 245 | _aPáginas de Amado Nervo / | ||
| 260 |
_aArgentina : _bEditorial Universitaria de Buenos Aires, _c1964. |
||
| 300 |
_a76 páginas ; _c18 cm. |
||
| 505 | _aPoemas. | ||
| 650 |
_aPoesía, _9139 |
||
| 942 |
_2ddc _cLIBROS |
||
| 945 | _awfj | ||